Все города Кыргызстана - Statistics

General Stats
  • This quiz has been taken 58 times
  • The average score is 11 of 32
Answer Stats
Регион Город % Correct
Столица Бишкек
100%
Город республиканскогоподчинения Ош
98%
Баткенская область Баткен
79%
Нарынская область Нарын
77%
Таласская область Талас
73%
Иссык-Кульская область Каракол
63%
Джалал-Абадская область Жалал-Абад
46%
Иссык-Кульская область Балыкчы
44%
Иссык-Кульская область Чолпон-Ата
42%
Чуйская область Кара-Балта
40%
Чуйская область Кант
40%
Чуйская область Токмак
33%
Ошская область Кара-Суу
31%
Чуйская область Кемин
31%
Джалал-Абадская область Токтогул
29%
Чуйская область Узген
27%
Баткенская область Кызыл-Кия
27%
Джалал-Абадская область Кербен
19%
Джалал-Абадская область Майлуу-Суу
17%
Ошская область Ноокат
17%
Баткенская область Раззаков
15%
Чуйская область Каинды
15%
Баткенская область Кадамжай
15%
Чуйская область Орловка
13%
Джалал-Абадская область Базар-Коргон
10%
Джалал-Абадская область Таш-Кумыр
10%
Баткенская область Сулюкта
10%
Баткенская область Айдаркен
10%
Чуйская область Шопоков
10%
Джалал-Абадская область Кара-Куль
8%
Джалал-Абадская область Кочкор-Ата
8%
Джалал-Абадская область Кок-Джангак
4%
No matching quizzes found
Score Distribution
Percent of People with Each Score
Percentile by Number Answered
Your Score History
You have not taken this quiz